| 000 | 02445cam a22003734a 4500 | ||
|---|---|---|---|
| 001 | 3251 | ||
| 003 | FISKH | ||
| 005 | 20240222091518.0 | ||
| 008 | 050624s2005 nyua 000 0aeng | ||
| 010 | _a 2005278832 | ||
| 020 | _a0446694886 | ||
| 040 |
_aDLC _cDLC _dDLC _beng |
||
| 041 | 1 |
_aeng _hfre |
|
| 042 | _apcc | ||
| 043 | _aa-su--- | ||
| 050 | 0 | 0 |
_aHQ1730.Z75 _bB5613 2005 |
| 082 | 0 | 0 |
_a305.42/092 _aB _222 |
| 100 | 1 | _aBin Ladin, Carmen. | |
| 240 | 1 | 0 |
_aVoile déchiré. _lEnglish |
| 245 | 1 | 0 |
_aInside the kingdom : _bmy life in Saudi Arabia / _cCarmen Bin Ladin ; [written in collaboration with Ruth Marshall]. |
| 246 | 3 | 0 | _aMy life in Saudi Arabia |
| 250 | _a1st U.S. trade ed. | ||
| 260 |
_aNew York : _bWarner Books, _c2005. |
||
| 300 |
_ax, 214 pages : _billustrations _c23 cm |
||
| 505 | 0 | _a9/11 -- A secret garden -- Falling in love -- My Saudi wedding -- America -- Life with the Bin Ladens -- The patriarch -- Life as an alien -- Two mothers, two babies -- My own chief inmate -- The brothers -- 1979 -- Yeslam -- Little girls -- A Saudi couple -- Sisters in Islam -- Princes and princesses -- Leaving Saudi Arabia -- Conclusion. | |
| 520 | _aOsama bin Laden's former sister-in-law provides a penetrating, unusually intimate look into Saudi society and the bin Laden family's role within it, as well as the treatment of Saudi women. On September 11th, 2001, Carmen bin Ladin heard the news that the Twin Towers had been struck. She instinctively knew that her ex-brother-in-law was involved in these horrifying acts of terrorism, and her heart went out to America. She also knew that her life and the lives of her family would never be the same again. Carmen bin Ladin, half Swiss and half Persian, married into and later divorced from the bin Laden family and found herself inside a complex and vast clan, part of a society that she neither knew nor understood. Her story takes us inside the bin Laden family and one of the most powerful, secretive, and repressed kingdoms in the world. | ||
| 600 | 1 | 0 | _aBin Ladin, Carmen. |
| 650 | 0 |
_aWomen _zSaudi Arabia _vBiography. |
|
| 700 | 1 |
_aMarshall, Ruth, _d1961- |
|
| 856 | 4 | 2 |
_3Publisher description _uhttp://www.loc.gov/catdir/enhancements/fy0914/2005278832-d.html |
| 906 |
_a7 _bcbc _corigcop _d2 _encip _f20 _gy-gencatlg |
||
| 942 |
_2ddc _cBK _n0 |
||
| 999 |
_c3251 _d3251 |
||